Linear circuit analysis /
This book is divided into four parts: DC analysis; Time domain analysis; Frequency domain analysis; Selected topics.
Đã lưu trong:
| Príomhúdar: | |
|---|---|
| Formáid: | Leabhar |
| Teanga: | English |
| Foilsithe: |
Boston :
PWS,
1998.
|
| Ábhair: | |
| Clibeanna: |
Cuir Clib Leis
Gan Chlibeanna, Bí ar an gcéad duine leis an taifead seo a chlibeáil!
|
| Thư viện lưu trữ: | Mạng thư viện Đại học Đà Nẵng |
|---|
| LEADER | 00957cam a2200337 i 4500 | ||
|---|---|---|---|
| 001 | 000049363 | ||
| 003 | 9108 | ||
| 005 | 20051111143256.0 | ||
| 008 | 010324b1998 vm 000 eng | ||
| 020 | |a 0534950957 | ||
| 040 | |a IRC |c IRC |d IRC | ||
| 041 | 0 | |a eng | |
| 082 | 1 | 4 | |a 621.3192 |b DA-A |
| 100 | 1 | |a Davis, Artice M., |d 1943- | |
| 245 | 0 | 0 | |a Linear circuit analysis / |c Artice M. Davis. |
| 260 | |a Boston : |b PWS, |c 1998. | ||
| 300 | |a 1108p. ; |c 25cm. | ||
| 520 | 3 | |a This book is divided into four parts: DC analysis; Time domain analysis; Frequency domain analysis; Selected topics. | |
| 630 | 0 | 4 | |a Electric circuit analysis. |
| 650 | 0 | 4 | |a Electric circuits, Linear. |
| 650 | 0 | 4 | |a Electric circuit analysis. |
| OWN | |a DUT | ||
| 999 | |a From the UDN01 | ||
| TYP | |a Monograph | ||
| TYP | |a Printed language | ||
| 980 | |a Mạng thư viện Đại học Đà Nẵng | ||


